| 000 | 01561nam2a22002411 4500 | ||
|---|---|---|---|
| 001 | rc\3706654 | ||
| 005 | 20250610063000.0 | ||
| 021 |
_aRU _bРг5822-71 |
||
| 035 | _a(NLR Aleph) 007765893 | ||
| 090 |
_a7416648 _c7416647 |
||
| 100 | _a20130115d1970 |||y0rusy50 ca | ||
| 101 | 0 | _arus | |
| 102 | _aRU | ||
| 105 | _ay z ||||| | ||
| 200 | 0 | _aТ. 1 | |
| 210 |
_d1970 _aБ. м. |
||
| 215 | _a201 с. | ||
| 461 | 0 |
_1001rc\3706653 _12001#$aСборник зональных единичных расценок на строительные работы для строек Якутской и Алданской строительных зон$eУтв. Советом Министров Якут. АССР и введен в действие с 1 янв. 1969 г.$fУпр. по делам строительства и архитектуры Совета Министров Якут. АССР$vТ. 1 _97416641 _cЯкутск _d1970 _e2-е изд., испр. и доп. Т. 1 _fУпр. по делам строительства и архитектуры Совета Министров Якут. АССР _nБ. и. _oУтв. Советом Министров Якут. АССР и введен в действие с 1 янв. 1969 г. _tСборник зональных единичных расценок на строительные работы для строек Якутской и Алданской строительных зон _vТ. 1 |
|
| 801 | 0 |
_aRU _bNLR _gpsbo |
|
| 801 | 1 |
_aRU _bELAR _2rusmarc |
|
| 852 |
_aNLR _jПт 80.1/1016 |
||
| 942 | _cBOOK | ||
| 980 | _aNB | ||